| 000 | 00380nam a2200133Ia 4500 | ||
|---|---|---|---|
| 008 | 231129s2003||||xx |||||||||||||| ||spa|| | ||
| 020 | _a958-04-7520-2 (v.1). | ||
| 040 | _bspa | ||
| 082 | _a510.7 A385 | ||
| 245 | 0 | _aAlfa con estandares: serie de matematicas para educacion secundaria y media | |
| 260 | _c2003 | ||
| 264 | _aNorma | ||
| 942 |
_2ddc _cBKS |
||
| 999 |
_c4734 _d4734 |
||